|
|
|
|
| LEADER |
00000nam0a2200000 4500 |
| 001 |
252626 |
| 005 |
20231031214014.0 |
| 010 |
|
|
|a 525000492X
|
| 020 |
|
|
|a RU
|b 89-29646
|
| 035 |
|
|
|a (RuTPU)RU\TPU\book\274976
|
| 090 |
|
|
|a 252626
|
| 100 |
|
|
|a 20140305d1989 km y0rusy5003 ca
|
| 101 |
0 |
|
|a rus
|
| 102 |
|
|
|a RU
|
| 105 |
|
|
|a y z 001zy
|
| 200 |
1 |
|
|a Слово и дело критики
|e Социально-философское и публицистическое исследование
|f Л. Г. Ионин
|
| 210 |
|
|
|a Москва
|c Политиздат
|d 1989
|
| 215 |
|
|
|a 272 с.
|
| 320 |
|
|
|a Библиогр.: с. 267-270.
|
| 606 |
1 |
|
|a Политические системы
|y СССР
|z 20 в.
|2 stltpush
|3 (RuTPU)RU\TPU\subj\67660
|
| 610 |
1 |
|
|a критика
|
| 610 |
1 |
|
|a самокритика
|
| 610 |
1 |
|
|a догмы
|
| 610 |
1 |
|
|a радикализм
|
| 610 |
1 |
|
|a гласность
|
| 686 |
|
|
|a Ф3(2)1
|2 rubbk
|
| 700 |
|
1 |
|a Ионин
|b Л. Г.
|g Леонид Григорьевич
|
| 801 |
|
0 |
|a RU
|b RuMRKP
|c 19950417
|g psbo
|
| 801 |
|
1 |
|a RU
|b 63413507
|c 20140305
|
| 801 |
|
2 |
|a RU
|b 63413507
|c 20221006
|g RCR
|
| 942 |
|
|
|c BK
|